| 000 | 00690nam a22001937a 4500 | ||
|---|---|---|---|
| 005 | 20241118152314.0 | ||
| 008 | 241118b |||||||| |||| 00| 0 eng d | ||
| 020 | _a9781111972264 | ||
| 050 |
_aQA402 _b.S3516 |
||
| 100 | _aSatzinger, John W. | ||
| 245 |
_aIntroduction to Systems Analysis and Design/ _ban agile, iterative approach _cJohn W. Satzinger, Robert B. Jackson & Stephen D. Burd |
||
| 250 |
_a6th Ed. _binternational edition |
||
| 260 |
_aAustralia _bCourse Technology Cengage Learning _c2012 |
||
| 300 |
_axxv.492p. _bill. some color _c27.5cm |
||
| 650 | _2system analysis and design | ||
| 700 | _aJackson, Robert B. | ||
| 700 | _aBurd, Stephen D. | ||
| 942 |
_2lcc _cBK _e6th Ed. _n0 |
||
| 999 |
_c1288 _d1288 |
||